000 00356nam a22001457a 4500
003 MACL
005 20180228125542.0
008 180228b xxu||||| |||| 00| 0 eng d
040 _cMACL
100 _aSingh,Amarinder
_970915
245 _aHONOUR And Findelity
260 _aNew Delhi
_bRoli Books
_c2014-2015
650 _aMititary
_970916
942 _2ddc
_cBK
999 _c57332
_d57332